00190nam a2200073Ia 4500008004100000082001300041100001800054245004400072240331s9999 xx 000 0 und d a297bMAU aMaududi , A.A 0aPurdah and the status of women in Islam